My favourite EMINEM song for every album - Statistics

General Stats
  • This quiz has been taken 20 times
  • The average score is 7 of 15
Answer Stats
Hint Answer % Correct
Marshall mathers lp The way I am
85%
Encore Mockingbird
77%
Slim shady lp Role model
77%
Marshall mathers Lp II Rap god
69%
Music to be murdered by side A Godzilla
62%
The Eminem show Hailies song
62%
Relapse We made you
46%
Recovery No love
38%
Kamikaze Not alike
38%
Revival River
38%
The death of slim shady Fuel
31%
Curtain call (new songs) When I’m gone
31%
Curtain call 2 Is this love
23%
Singles Killshot
23%
Music to be murdered by side B Tone deaf
8%
No matching quizzes found
Score Distribution
Percent of People with Each Score
Percentile by Number Answered
Your Score History
You have not taken this quiz